[Event "Sarajevo Bosnia 30th"]
[Site "Sarajevo"]
[Date "2000.05.20"]
[Round "4"]
[White "Bareev, Evgeny"]
[Black "Bacrot, Etienne"]
[Result "1-0"]
[WhiteElo "2709"]
[BlackElo "2594"]
[Annotator "Ribli,Z"]
[PlyCount "75"]
[EventDate "2000.05.17"]
[EventType "tourn"]
[EventRounds "11"]
[EventCountry "BIH"]
[EventCategory "19"]
[SourceTitle "CBM 077"]
[Source "ChessBase"]
[SourceDate "2000.07.27"]
[SourceVersion "1"]
[SourceVersionDate "2000.07.27"]
[SourceQuality "1"]

1. c4 {Ftacnik} e5 2. Nc3 Nf6 3. Nf3 Nc6 4. g3 g6 {Das ist eine
Lieblingsvariante des französischen Großmeisters. Die Alternativen 4...d5, 4...
Bb4 und 4...Bc5 werden häufiger gespielt.} 5. Bg2 Bg7 6. O-O O-O 7. d3 (7. d4
$5) 7... d6 8. Rb1 {Das ist eigentlich eine Stellung der Geschlossenen
Sizilianischen Verteidigung mit vertauschten Farben. Weiß hat aktive
Möglichkeiten am Damenflügel, während Schwarz im Zentrum und am Königsflügel
Gegenspiel suchen muss.} a5 9. a3 h6 {Dieser Zug richtet sich gegen 10.Bg5,
wonach Weiß den Nf6 tauschen und mit b4-b5 zu chancenreichem Spiel am
Damenflügel kommen könnte. In diesem Fall wäre der schwarzfeldrige Läufer des
Nachziehenden eine relativ passive Figur. Die andere Idee des Zuges ist, dass
Schwarz in Ruhe Be6 spielen kann, ohne mit Ng5 rechnen zu müssen.} (9... Re8
10. Bg5 h6 11. Bxf6 Bxf6 12. b4 axb4 13. axb4 Bg7 14. b5 Ne7 15. Qb3 $14) 10.
b4 axb4 11. axb4 Be6 12. b5 Ne7 13. Qb3 (13. Qc2) (13. Bb2) 13... c6 $6 {
Dieser Zug gefällt mir nicht - Schwarz schwächt von sich aus seine Stellung am
Damenflügel.} (13... Qd7 14. Ba3 Nh7 $1 (14... Bh3 15. c5 $1 Bxg2 16. Kxg2 $36)
15. Nd2 Rab8 16. Nd5 h5 17. b6 (17. Nxe7+ Qxe7 $13) 17... c5 18. Nc7 $6 (18.
Nxe7+ $142) 18... Bh3 $36 19. Bb2 h4 20. Nf3 hxg3 21. hxg3 Nf6 22. Nb5 Nh5 $1 {
1-0 Iordachescu,V-Vasiesiu,D/Romania 74/22 1998/Inf 74/[Vasiesiu,D] (44)}) (
13... Nd7 14. Nd2 $5 Nc5 15. Qc2 Qd7 16. Nd5 Nxd5 17. cxd5 Bf5 18. Nc4 b6 19.
e4 $14 {Hodgson,J-Yusupov,A/Tilburg 1993/Inf 59 (19)}) 14. Ba3 {[%cal Ga3f8]
Der Ba3 steht ausgezeichnet.} (14. Nd2 Qd7 15. bxc6 bxc6 16. Qb7 Ra7 17. Qxd7
Nxd7 18. Nde4 Nc8 19. Bb2 f5 20. Nd2 Ne7 21. Ra1 Rfa8 22. Rxa7 Rxa7 23. Ra1
Rxa1+ 24. Bxa1 {1/2-1/2 Kunte,A-Koeller,O/Biel 1999/EXT 2000 (50)}) 14... Re8
15. Rfc1 $14 {Weiß übt spürbar positionellen Druck am Damenflügel aus, aber er
hat keine konkreten Drohungen.} g5 $6 {[%mdl 16384] Ftacnik: 'All white's
pieces are very active, but black has good defensive set up with minimal
weaknesses.'  Schwarz sucht nach Gegenspiel, aber dieser Zug schwächt nur
seinen Königsflügel.} (15... Qd7 $14) (15... Nf5 $14 {[%cal Gf5d4]}) (15... Nf5
{Ftacnik} 16. e3 $14) 16. e3 Bf5 17. Ne1 $1 {[%cal Gg2a8,Ga3e7] Beide weißen
Läufer stehen aktiv. Der Textzug richtet sich gegen den Befreiungszug e5-e4
und öffnet zugleich die Diagonale für den Bg2} Be6 {Das ist ein indirektes
Remisangebot (Zugwiederholung).} (17... Qd7 $5) 18. Nc2 {[%cal Gc2b4]} d5 {
Das ist eine für diese Variante typische Stellung - Schwarz hat ein scheinbar
aktives Zentrum, in Wirklichkeit aber kontrolliert Weiß alle wichtigen Punkte.}
(18... Bf5 19. Ne4 $14) 19. Bxe7 Rxe7 20. Nb4 $1 (20. bxc6 $6 bxc6 21. Nb4 Rb7
$15 {[%csl Rb3][%cal Gb7b3]}) 20... dxc4 (20... d4 $2 21. bxc6 dxc3 22. cxb7
$18) (20... Rc7 {Ftacnik} 21. cxd5 cxd5 22. Ncxd5 $14) 21. dxc4 cxb5 {[#]} 22.
Nbd5 $1 {[%mdl 512] Ftacnik: 'Great tactical move leading to the better pawn
structure, Bareev thus makes a real progress.'  Ein starkes vorübergehendes
Bauernopfer.} (22. Nxb5 $6 Rd7 $11) 22... Bxd5 (22... Rd7 23. Qxb5 Ra5 24. Qb4
Nxd5 25. cxd5 $14) (22... Nxd5 23. cxd5 Bd7 24. Nxb5 (24. e4 $5 $14 {[%csl Rg7]
[%cal Gg2f1,Gf1b5]}) 24... Bxb5 25. Qxb5 $14) 23. Nxd5 Nxd5 (23... Rd7 {Ftacnik
} 24. Qxb5 Nxd5 25. cxd5 $14) 24. cxd5 e4 $8 {'?' Ftacnik. Schwarz riskiert,
den Pe4 zu verlieren, dennoch ist der Textzug seine letzte Chance - er muss
den Bg7 aktivieren.} (24... Ra5 {Ftacnik} 25. Rc5 $14 (25. Bh3 Rc7) (25. d6 $6
Qxd6 26. Rc8+ Bf8 (26... Kh7 27. Be4+) 27. Rd1 Qe6 $13)) 25. Rc5 $1 (25. Qxb5
Ra5 26. Rc8 Qxc8 27. Qxa5 $14) 25... Rc8 (25... Ra5 26. Qc2 $5 {[%cal Rc5c8,
Rc8g8]} (26. Rxb5 Rxb5 27. Qxb5 $14) 26... Bf8 27. Rc8 Ra2 (27... Qxd5 28. Qc3
{[%cal Rc3a5]} b4 29. Rxf8+ Kxf8 30. Qh8#) 28. Qc3 b4 (28... Ra3 29. Qc5 $16)
29. Qc4 Qa5 30. Bxe4 Rd7 (30... Ra1 31. Qd4 Rxb1+ 32. Bxb1 $18) 31. Rb8 {
[%cal Rc4c8,Rb8g8]} Rc7 32. Qxb4 Qxb4 33. Rxb4 $18) 26. Rxb5 {Damit stellt
Weiß das materielle Gleichgewicht wieder her, sein positioneller Vorteil
jedoch ist groß. Schwarz hat eine schlechte Bauernstruktur und eine schwache
Königsstellung.} Re5 (26... Rc3 27. Qb4 $16) 27. Rd1 Rc7 28. Bh3 Qf6 (28... Bf8
29. d6 $1 Rc3 (29... Rxb5 30. dxc7 $18) 30. Qxc3 Rxb5 31. Qc7 Qf6 32. d7 Rb2
33. f4 exf3 34. d8=Q f2+ 35. Kf1 Qf3 36. Qxf8+ Kxf8 37. Rd8+ Kg7 38. Qe5+ $18)
(28... Qd6 $1 {Ftacnik} 29. Rxb7 Rxb7 30. Qxb7 Bf8 $16) 29. d6 $16 {'!'
Ftacnik. Ftacnik: 'White "d" passed pawn becomes so strong, that black last
hope is ome kind of counterplay. '  Weiß beschäftigt sich erst gar nicht mit
dem Pb7. Der weiße Freibauer auf der d-Linie ist stark genug, um die Partie zu
entscheiden.} (29. Rxb7 Rxb7 30. Qxb7 Qd6 $16) 29... Rxb5 30. Qxb5 Rc2 31. Bf5
$1 {[%csl Gd6,Gf5]} Bf8 32. d7 Be7 33. d8=R+ Bxd8 34. Qe8+ Kg7 35. Rxd8 $18
Rc1+ (35... Qxf5 36. Qf8+ Kg6 37. Rd6+ f6 38. Qg8+ Kh5 39. Qf7+ Kg4 40. h3+ Kf3
41. Qh5+ $18) 36. Kg2 Qxf5 37. Qf8+ Kg6 38. Rd6+ (38. Rd6+ f6 39. Qg8+ Kh5 40.
Qf7+ $18) 1-0

[Event "Terrassa"]
[Site "Terrassa"]
[Date "1990.??.??"]
[Round "4"]
[White "Spraggett, Kevin"]
[Black "Cramling, Pia"]
[Result "0-1"]
[WhiteElo "2555"]
[BlackElo "2470"]
[Annotator "Ribli,Z"]
[PlyCount "82"]
[EventDate "1990.04.??"]
[EventType "tourn"]
[EventRounds "11"]
[EventCountry "ESP"]
[EventCategory "11"]
[SourceTitle "CBM 019"]
[Source "ChessBase"]
[SourceDate "1990.12.01"]
[SourceVersion "1"]
[SourceVersionDate "1990.12.01"]
[SourceQuality "1"]

1. c4 e5 2. Nc3 Nf6 3. Nf3 Nc6 4. e4 d6 (4... Be7 5. d4 Bb4 6. dxe5 Nxe4 7. Qc2
d5 8. Be3 Nxc3 9. bxc3 d4 10. Nxd4 Nxd4 11. Qd2 Bxc3 12. Qxc3 c5 13. Rd1 {
Alburt,L-Ehlvest,J New York op 1989 CBM 12}) (4... Bb4 5. d3 d6 6. g3 O-O 7.
Bg2 a6 8. O-O Bc5 9. h3 Nd4 $10 {Landenbergue,C-Kraut,R Zug 1989 CBM 16}) 5. d3
(5. d4 Bg4 6. d5 Nd4 7. Be3 Nxf3+ 8. gxf3 Bd7 9. f4 Ng4 10. Bd2 exf4 11. Bxf4
g5 12. Bg3 Bg7 13. h4 h6 14. Be2 Ne5 $13 {Panno-Savon Petropolis izt 1973 16/45
}) 5... g6 6. g3 Bg7 7. Bg2 O-O 8. O-O h6 9. Bd2 Nd7 10. Nd5 a5 11. Kh1 Nc5 12.
Be3 Ne6 13. Qd2 Kh7 14. Ng1 Ncd4 15. f4 exf4 16. gxf4 f5 $1 17. Rae1 c6 18. Nc3
Rf7 19. Nce2 a4 20. Nxd4 Nxd4 21. Qf2 Qh8 $1 22. Nh3 Bd7 23. Rg1 {/\ Qh4} Bf6
24. c5 fxe4 25. dxe4 dxc5 26. e5 Bxe5 $5 27. Be4 Bf5 28. Bxf5 Rxf5 29. Qg2 Qg7
30. fxe5 Nf3 31. e6 Re8 32. Nf4 Nxg1 33. Rxg1 g5 34. Bd2 (34. Qe4 Qe5 $1) 34...
Qd4 35. Nh5 Rf2 36. Bc3 Rxg2 37. Bxd4 Rxg1+ 38. Bxg1 Rxe6 39. Bxc5 Re1+ 40. Kg2
Re2+ 41. Kg3 Kg6 {Ribli} 0-1

[Event "Rishon Le Ziyyon"]
[Site "Rishon Le Ziyyon"]
[Date "1994.??.??"]
[Round "3"]
[White "Beim, Valery"]
[Black "Zilberman, Yaacov"]
[Result "1-0"]
[WhiteElo "2545"]
[BlackElo "2460"]
[Annotator "Ribli,Z"]
[PlyCount "81"]
[EventDate "1994.11.??"]
[EventType "tourn"]
[EventRounds "11"]
[EventCountry "ISR"]
[EventCategory "11"]
[SourceTitle "CBM 045"]
[Source "ChessBase"]
[SourceDate "1995.04.01"]
[SourceVersion "1"]
[SourceVersionDate "1995.04.01"]
[SourceQuality "1"]

1. c4 e5 2. Nc3 Nc6 3. Nf3 g6 4. g3 Bg7 5. Bg2 d6 6. d3 Nf6 7. O-O O-O 8. Rb1
a5 9. a3 h6 10. b4 axb4 11. axb4 Be6 12. b5 Ne7 13. Nd2 $6 (13. Bb2 $5 Qd7 14.
Re1 Bh3 15. Bh1 Ng4 16. Qb3 Kh8 17. Nd5 $36 {Vaganian,R-Wahls,M/Ger-CupT/1992/
CBM29/}) 13... Rb8 $6 (13... d5 $1 14. Qb3 Re8 15. Rd1 Kh7 16. Ba3 Nf5 17. Nf3
c6 $13 {Rotstein,A-Reinderman,D/Wijk/1993/CBM34/}) 14. Ba3 Qd7 (14... b6 $5)
15. c5 $5 (15. Re1 b6 16. Nf3 Rbe8 17. Bb2 Bh3 18. Bh1 Ng4 19. Qb3 Kh7 $13 {
Hickl,J-Markowski,T/Polanica Zdroj/1993/CBM37/}) 15... dxc5 (15... Ned5 16.
Nxd5 Nxd5 17. Qc2 $14) 16. Bxc5 Rfe8 17. Nc4 Nfd5 18. Na4 {>< e5} b6 (18... Ra8
$2 19. e4 $1 $18) 19. Ba3 (19. e4 bxc5 20. Nxc5 Qc8 21. Nxe6 Qxe6 22. exd5 Nxd5
23. Qc2 $10) 19... Nc8 20. e4 Nde7 21. Qc2 Na7 22. Nc3 Red8 (22... Nec8 $5) 23.
Ne3 $1 Nec8 (23... Nac8 24. Rfd1 $14) 24. Ncd5 Rb7 (24... Nxb5 $2 25. Rxb5 Qxb5
26. Qxc7 Na7 27. Qxa7 Ra8 28. Qc7 $18) 25. Qa4 Nxb5 (25... Nd6 26. Bxd6 $1 cxd6
27. Rfc1 $16) 26. Qxb5 c6 (26... Qxb5 $5 27. Rxb5 c6 28. Rb3 cxd5 29. exd5 Bd7
30. Rc1 $14) 27. Qb3 cxd5 28. exd5 Bh3 29. Bxh3 Qxh3 30. Rfc1 {>< c6} h5 31.
Rc6 h4 32. Qc4 hxg3 33. hxg3 Ra7 34. Bb4 Bf8 35. Bxf8 Rxf8 36. Qe4 Re8 (36...
Re7 37. Rbc1 $16) 37. Rbc1 Kg7 38. Qf3 $1 Ra4 (38... Rh8 39. Qf6+ Kh7 40. R6c4
$18) 39. Qf6+ Kg8 40. Rc7 Rf8 41. d6 {Ribli} 1-0

[Event "Seville op"]
[Site "Seville"]
[Date "1992.??.??"]
[Round "5"]
[White "Antunes, Antonio"]
[Black "Hernandez Guerrero, Gilberto Eduardo"]
[Result "1-0"]
[WhiteElo "2465"]
[BlackElo "2495"]
[Annotator "Ribli,Z"]
[PlyCount "85"]
[EventDate "1992.??.??"]
[EventType "swiss"]
[EventRounds "9"]
[EventCountry "ESP"]
[SourceTitle "CBM 029"]
[Source "ChessBase"]
[SourceDate "1992.08.01"]
[SourceVersion "1"]
[SourceVersionDate "1992.08.01"]
[SourceQuality "1"]

1. Nf3 Nf6 2. c4 g6 3. Nc3 Bg7 4. g3 O-O 5. Bg2 d6 6. O-O e5 7. d3 Nc6 8. Rb1
a5 9. a3 h6 10. b4 axb4 11. axb4 Be6 12. b5 Ne7 13. Bb2 Qd7 14. Qb3 (14. Ra1
Bh3 15. Qc2 Rab8 16. Rfc1 Bxg2 17. Kxg2 Nh5 18. Qb3 Kh7 19. Nd5 f5 20. Ra4 Nxd5
21. cxd5 Qf7 22. Nd2 Nf6 $13 {Gurevich,M-Piket,Je Wijk 1990 CBM/17}) 14... Bh3
15. Ra1 Rab8 $6 (15... Nh5 $5 16. Rfc1 Bxg2 17. Kxg2 f5 18. c5+ Kh7 19. cxd6
cxd6 20. Rxa8 Rxa8 21. Ba3 Nf6 22. Nd2 Nc8 $13 {Boosbom,M-Piket,Je NLD-ch 1990
CBM/19}) 16. Ra7 Bxg2 17. Kxg2 Qe6 (17... Nh5 18. Nd5 $1 $14) 18. Rb1 c5 19.
bxc6 bxc6 20. Rb7 Nd7 21. Rxb8 Rxb8 22. Qc2 f5 23. Nd2 f4 24. Bc1 $1 Rf8 (24...
Rxb1 25. Qxb1 $14) 25. Qa4 Rf7 26. Ba3 $14 Bf8 27. Nce4 $1 d5 28. cxd5 cxd5 29.
Nd6 Rf6 30. Rb7 fxg3 31. hxg3 Nf5 32. Nxf5 Nb6 (32... Qxf5 33. Qxd7 Qxf2+ 34.
Kh3 $18) 33. Rxb6 Qxb6 34. Ne3 Qb7 35. Bxf8 d4+ 36. Nf3 Rxf8 37. Ng4 e4 38.
dxe4 Qxe4 39. Qxd4 Qxe2 40. Qd5+ Kg7 41. Qd4+ Kg8 42. Qd5+ Kg7 43. Nfe5 1-0

[Event "EU-Cup 21st"]
[Site "Saint Vincent"]
[Date "2005.09.18"]
[Round "1.3"]
[White "Schneider, Bernd"]
[Black "Sakaev, Konstantin"]
[Result "0-1"]
[WhiteElo "2427"]
[BlackElo "2669"]
[Annotator "Ribli,Z"]
[PlyCount "84"]
[EventDate "2005.09.18"]
[EventType "team-swiss"]
[EventRounds "7"]
[EventCountry "ITA"]
[SourceTitle "CBM 110"]
[Source "ChessBase"]
[SourceDate "2006.01.31"]
[SourceVersion "1"]
[SourceVersionDate "2006.01.31"]
[SourceQuality "1"]
[WhiteTeam "Eupen Rochade"]
[BlackTeam "Cheliabinsk"]
[WhiteTeamCountry "BEL"]
[BlackTeamCountry "RUS"]

1. c4 e5 2. g3 Nc6 3. Bg2 g6 4. Nc3 Bg7 5. Nf3 d6 6. O-O f5 {Stattdessen kann
Schwarz natürlich auch 6...Nf6 ziehen oder 6...Nge7. Nach 6...f5 kann Schwarz
seinen Springer harmonisch auf f6 entwickeln.} 7. d3 Nf6 8. Rb1 h6 (8... a5 9.
Bg5 $14) 9. b4 {Wir haben, mit vertauschten Farben, eine Variante der
Sizilianischen Verteidigung (Geschlossene Variante) erreicht.} g5 $5 {Eine
interessante Idee: Schwarz verliert keine Zeit für die Rochade, sondern möchte
sofort aktiv spielen.} (9... O-O 10. b5 Ne7 11. a4 (11. Nd2 $5) 11... Be6 12.
Ba3 (12. a5 Rb8 13. Be3 b6 14. axb6 axb6 15. Bd2 g5 16. Ne1 f4 17. Nc2 Qd7 18.
Nb4 Bh3 19. Nc6 Bxg2 20. Nxe7+ Qxe7 21. Kxg2 e4 {0-1 Gashimov,V-Shariyazdanov,
A/Dubai 2000/EXT 2001 (68)}) 12... Rc8 (12... Rb8 13. c5 $13) 13. Nd2 b6 14. e3
g5 15. d4 exd4 16. exd4 f4 {0-1 Psakhis,L-Kasparov,G/La Manga (m/5) 1990/(30)})
10. b5 Ne7 11. a4 Be6 $5 $146 (11... Nd7 12. Ne1 Nc5 13. e3 O-O 14. d4 Ne6 15.
Nc2 (15. dxe5 $142 Bxe5 (15... dxe5 16. Ba3 $16) 16. Nd5 Ng6 17. Nd3 $13) 15...
exd4 16. exd4 f4 $15 {1-0 Pfleger,H-Larsen,B/Manila 18/41 1974/[Karaklajic,N] 
(61)}) 12. a5 b6 {Schwarz muss den weißen Bauernsturm am Damenflügel aufhalten.
Die weiße Drohung war 13.b6.} 13. Ne1 {[%cal Ge1c2,Gc2b4,Gb4a6,Gb4c6,Gb4d5]
Der Springer zielt auf das b4-Feld, von wo aus er die wichtigsten Felder des
Damenflügels kontrolliert.} Rc8 14. Nc2 O-O 15. Nb4 {[%csl Gb4] Es scheint,
dass Weiß Positionsvorteil besitzt, aufgrund der Kontrolle über a6, c6 und d5.
Aber diese Felder stehen leer, da Schwarz seine Gegenchancen am Königsflügel
sucht.} Qd7 16. Bd2 Rce8 {Schwarz bringt alle seine Figuren am Königsflügel in
Position.} 17. Nc6 Nc8 18. Ra1 f4 19. axb6 axb6 20. Ra8 (20. e3 e4 $13 {
[%cal Gg7a1]}) 20... Bh3 21. Nd5 Nxd5 (21... Bxg2 22. Kxg2 Nxd5 23. cxd5 Qf7)
22. Bxd5+ Kh8 23. Bg2 (23. Re1 Ne7) 23... Bxg2 24. Kxg2 e4 $36 {[%csl Ge8,Gg7]
[%cal Gg7a1,Ge8e2]} 25. f3 $8 e3 26. Bc1 Ne7 $1 {[%mdl 32] Schwarz möchte sich
vom starken c6-Springer befreien.} 27. Nxe7 (27. Rxe8 Qxe8 28. Nxe7 Qxe7) 27...
Rxa8 28. Ng6+ Kg8 29. Nxf8 Kxf8 $15 {[%csl Ge3,Gf4,Gg5,Gh6][%cal Ga8a1,Gg7a1]
Schwarz hat Positionsvorteil , denn er kontrolliert die a-Linie und die große
Diagonale h8-a1 und seine Bauernkette h6-g5-f4-e3 ist sehr stark.} 30. Qb3 {
[%cal Gc1b2,Gb2g7] Weiß bereitet 31.Bb2 vor, um die Läufer zu tauschen.} Bd4 {
[%cal Gd7g7,Gg7a1]} 31. Bb2 Qg7 32. Rb1 (32. Bxd4 Qxd4) 32... Qe5 33. Bxd4 Qxd4
34. Qb2 Qxb2 35. Rxb2 Kf7 {[%csl Ga8][%cal Gf7f6,Gf6e5,Ge5d4,Ga8a1][%mdl 4096]
Schwarz hat gute Gewinnchancen in diesem Turmendspiel: er kontrolliert die
einzige offene Linie und verfügt über großen Raumvortel, die Bauernkette
h6-g5-f4-e3 ist wirklich stark.} 36. Kh3 Kf6 (36... h5 37. gxf4 gxf4 38. Kh4
Kg6) 37. Kg4 Ke5 38. Rb4 $2 (38. Rb1 $142 Ra2 39. Re1 $15) 38... Kd4 39. c5+ $2
(39. Rb1 Kc3 40. gxf4 Kd2 41. Rb2+ Kc1 42. Rb4 Ra2 43. fxg5 hxg5 44. f4 Rxe2
45. Kf3 Rxh2 46. Kxe3 Rh3+ 47. Ke4 Rh4 $17) 39... Kc3 $19 {[%csl Rb4,Gc3]} 40.
Rc4+ Kd2 {[%csl Re2,Ge3] Weiß verliert den e2-Bauern und die Partie.} 41. cxb6
cxb6 42. gxf4 gxf4 0-1